Normal view
MARC view
- H. R. Khanna, P. M. Bakshi
Entry Personal Name
001 - CONTROL NUMBER
- control field: 5424
003 - CONTROL NUMBER IDENTIFIER
- control field: OSt
005 - DATE AND TIME OF LATEST TRANSACTION
- control field: 20230809054220.0
008 - FIXED-LENGTH DATA ELEMENTS
- fixed length control field: 230809|| aca||aabn | a|a d
040 ## - CATALOGING SOURCE
- Original cataloging agency: OSt
- Transcribing agency: OSt
100 ## - HEADING--PERSONAL NAME
- Personal name: H. R. Khanna, P. M. Bakshi
670 ## - SOURCE DATA FOUND
- Source citation: Work cat.: (OSt)2232: Khanna, H. R. 5423, Mulla on the Transfer of Property Act -1882/ , c1985
